Mastering Cloud Computing Powering AI,Big Data, and IOT Applications (Record no. 13209)

MARC details
000 -LEADER
fixed length control field 00572nam a22002177a 4500
003 - CONTROL NUMBER IDENTIFIER
control field OSt
008 - FIXED-LENGTH DATA ELEMENTS--GENERAL INFORMATION
fixed length control field 250402b |||||||| |||| 00| 0 eng d
020 ## - INTERNATIONAL STANDARD BOOK NUMBER
International Standard Book Number 9789355329509
082 ## - DEWEY DECIMAL CLASSIFICATION NUMBER
Classification number 004.678 BUM
100 ## - MAIN ENTRY--PERSONAL NAME
Personal name BUYYA,Rajkumar
245 ## - TITLE STATEMENT
Title Mastering Cloud Computing Powering AI,Big Data, and IOT Applications
250 ## - EDITION STATEMENT
Edition statement 2nd Ed
260 ## - PUBLICATION, DISTRIBUTION, ETC. (IMPRINT)
Place of publication, distribution, etc New Delhi
Name of publisher, distributor, etc TMH
Date of publication, distribution, etc 2024
300 ## - PHYSICAL DESCRIPTION
Extent 501
650 ## - SUBJECT ADDED ENTRY--TOPICAL TERM
Topical term or geographic name as entry element Cloud Computing
700 ## - ADDED ENTRY--PERSONAL NAME
Personal name VECCHIOLA,Christian
700 ## - ADDED ENTRY--PERSONAL NAME
Personal name SELVI,S.Thamarai
700 ## - ADDED ENTRY--PERSONAL NAME
Personal name POOJARA,Shivananda
700 ## - ADDED ENTRY--PERSONAL NAME
Personal name SRIRAMA,Satish N
942 ## - ADDED ENTRY ELEMENTS (KOHA)
Source of classification or shelving scheme Dewey Decimal Classification
Koha item type Text Books
Holdings
Withdrawn status Lost status Source of classification or shelving scheme Damaged status Not for loan Collection code Home library Current library Date acquired Source of acquisition Currency Cost, normal purchase price Bill Number Total Checkouts Full call number Acc. no. / Barcode Date last seen Actual Cost, discounted price Bill Date Koha item type
    Dewey Decimal Classification     MCA PIET C-LIBRARY PIET C-LIBRARY 28/03/2025 Zaffa Books INR 775.00 ZBD0590   004.678 BUM 38976 02/04/2025 527.00 28/03/2025 Reference Books
    Dewey Decimal Classification     MCA PIET C-LIBRARY PIET C-LIBRARY 28/03/2025 Zaffa Books INR 775.00 ZBD0590   004.678 BUM 38977 02/04/2025 527.00 28/03/2025 Text Books
    Dewey Decimal Classification     MCA PIET C-LIBRARY PIET C-LIBRARY 28/03/2025 Zaffa Books INR 775.00 ZBD0590   004.678 BUM 38978 02/04/2025 527.00 28/03/2025 Text Books
    Dewey Decimal Classification     MCA PIET C-LIBRARY PIET C-LIBRARY 28/03/2025 Zaffa Books INR 775.00 ZBD0590   004.678 BUM 38979 02/04/2025 527.00 28/03/2025 Text Books
    Dewey Decimal Classification     MCA PIET C-LIBRARY PIET C-LIBRARY 28/03/2025 Zaffa Books INR 775.00 ZBD0590   004.678 BUM 38980 02/04/2025 527.00 28/03/2025 Text Books

Design & Developed by: PIET Central Library
R70 Miles Stone Pattikalyana Samalkha Panipat 132102
mail ID :- [email protected], Phone No:- 0180-2569700 Ex.216